| 000 | 00673nam a22002417a 4500 | ||
|---|---|---|---|
| 001 | 0186 | ||
| 003 | DO-SdBNP | ||
| 005 | 20170112111904.0 | ||
| 007 | 0186 | ||
| 008 | 151005b 200 19uu sp 00| 0 spa d | ||
| 040 |
_aBPMSU _bspa _cBPMSU |
||
| 082 | 4 |
_a863.4 _bP454c |
|
| 245 | 0 | 0 | _aCaperucita Roja / |
| 260 |
_aBilbao, España : _aMonterrey, Mexico : _bVasco Americana, _bEntretenlibros, _c[19--]. |
||
| 300 |
_a12 p : _bil. _c28 cm. |
||
| 490 | 1 |
_aPequeños álbunes "Elsa" _v5 |
|
| 650 | 4 | _aCUENTOS INFANTILES FRANCESES | |
| 650 | 4 | _aLITERATURA INFANTIL FRANCESA | |
| 830 | 0 |
_aPequeños álbumes "Elsa" _n5 |
|
| 910 | _a144 | ||
| 942 |
_2ddc _cBK |
||
| 956 | _aYngrid Lockward | ||
| 999 |
_c9307 _d9307 |
||